00983nab a22001817a 4500003000400000005001700004008004100021040000700062100003000069245009800099300001500197505035400212505007200566650001700638650002300655650002100678773010200699OSt20260106234248.0190514b xxu||||| |||| 00| 0 spa d cPJ aGraciadio, Ricardo Nadir 10aSalud mental y sistema de salud. Prestaciones médicas y amparos /cRicardo Nadir Graciadio. ap. 109-113 aSumario: I. Introducción.— II. Ley nacional 26.657 de Salud Mental.— III. Cómo interpretar la Ley de Salud Mental.— IV. Utilización del recurso de amparo frente a problemáticas de la salud mental.— V. La defensa de la persona en virtud del principio pro homine en favor de las personas con enfermedades mentales.— VI. Conclusiones. tSi te interesa el texto, comunicate a koha@justierradelfuego.gov.ar 0aSALUD MENTAL 0aDERECHO A LA SALUD 0aACCION DE AMPARO0 02844dBuenos Aires : AbeledoPerrot, 1989-tDerecho de familia. N° 117 - Noviembre 2024z18511201